Estadísticas para Top 10 Estados de EE. UU. que Reciben Poca Lluvia

Haz click aquí para intentar la prueba.

Estadísticas generales

  • Esta prueba ha sido intentada 84 veces
  • La puntuación promedio es 8 de 10

Estadísticas de respuestas

cm/añoEstado% Correcto
37.0Nuevo México
92%
31.0Utah
91%
34.5Arizona
89%
40.5Colorado
84%
24.1Nevada
81%
48.1Idaho
77%
51.1Dakota del Sur
75%
45.2Dakota del Norte
73%
39.0Montana
72%
32.8Wyoming
64%

Distribución de puntuación

Porcentaje por número respondido

Porcentaje de gente con cada puntuación

Historial de tus puntuaciones

No has intentado esta prueba.